أضواء على طريق النجاة / (رقم التسجيلة. 4606)

تفاصيل مارك
000 -LEADER
fixed length control field 00600nam a22001817a 4500
005 - DATE AND TIME OF LATEST TRANSACTION
control field 20251108164134.0
008 - FIXED-LENGTH DATA ELEMENTS--GENERAL INFORMATION
fixed length control field 250721s1994 xx 000 0 ara d
082 14 - DEWEY DECIMAL CLASSIFICATION NUMBER
Classification number 218,52/نحو
100 1# - MAIN ENTRY--PERSONAL NAME
Personal name النحوي، عدنان علي رضا
245 10 - TITLE STATEMENT
Title أضواء على طريق النجاة /
264 1# - PRODUCTION, PUBLICATION, DISTRIBUTION, MANUFACTURE, AND COPYRIGHT NOTICE
Place of production, publication, distribution, manufacture الرياض :
Name of producer, publisher, distributor, manufacturer دار النحوي للنشر والتوزيع،
Date of production, publication, distribution, manufacture, or copyright notice 1994.
300 ## - PHYSICAL DESCRIPTION
Extent 125ص
490 0# - SERIES STATEMENT
Series statement الى لقاء المؤمنين وبناء الجيل المؤمن
650 17 - SUBJECT ADDED ENTRY--TOPICAL TERM
Topical term or geographic name as entry element الإسلام
650 17 - SUBJECT ADDED ENTRY--TOPICAL TERM
Topical term or geographic name as entry element الدعوة الإسلامية
942 ## - ADDED ENTRY ELEMENTS (KOHA)
Source of classification or shelving scheme Dewey Decimal Classification
Koha item type كتب
المقتنيات
حالة السحب حالة الفقدان مصدر التصنيف حالة التلف غير قابل للإعارة المكتبة الرئيسية المكتبة الحالية موقع الرف تاريخ التزويد الرقم المتسلسل Total Checkouts رقم الإستدعاء تاريخ آخر ظهور تاريخ الفاتورة نوع المادة (كوها) الباركود
    Dewey Decimal Classification     مكتبة أم قصير والمقابلين العامة مكتبة أم قصير والمقابلين العامة الإعارة 06/07/2004 514802   218,52/نحو 28/07/2025 06/07/2004 كتب 514802
    Dewey Decimal Classification Unchecked   مكتبة الأميرة ايمان العامة مكتبة الأميرة ايمان العامة الإعارة 06/07/2004 514794   218,52/نحو 28/07/2025 06/07/2004 كتب  
    Dewey Decimal Classification Unchecked   مكتبة الاميرة بديعة مكتبة الاميرة بديعة الإعارة 06/07/2004 514797   218,52/نحو 28/07/2025 06/07/2004 كتب  
    Dewey Decimal Classification Unchecked   مكتبة الجويدة مكتبة الجويدة الإعارة 06/07/2004 514798   218,52/نحو 28/07/2025 06/07/2004 كتب  
    Dewey Decimal Classification Unchecked   مكتبة الحسن العامة مكتبة الحسن العامة الإعارة 06/07/2004 10208   218,52/نحو 28/07/2025 06/07/2004 كتب  
    Dewey Decimal Classification Unchecked   مكتبة الحسن العامة مكتبة الحسن العامة الإعارة 06/07/2004 514799   218,52/نحو 28/07/2025 06/07/2004 كتب  
    Dewey Decimal Classification     مكتبة النصر العامة مكتبة النصر العامة الإعارة 09/11/2014 [8476   218,52/نحو 28/07/2025 09/11/2014 كتب PLD00309797
    Dewey Decimal Classification     مكتبة حمزة العامة مكتبة حمزة العامة الإعارة 06/07/2004 514800   218,52/نحو 28/07/2025 06/07/2004 كتب 514800
    Dewey Decimal Classification     مكتبة صويلح العامة مكتبة صويلح العامة الإعارة 06/07/2004 514795   218,52/نحو 28/07/2025 06/07/2004 كتب 514795
    Dewey Decimal Classification     مكتبة صويلح العامة مكتبة صويلح العامة الإعارة 06/12/2015 [12601   218,52/نحو 28/07/2025 06/12/2015 كتب PLD00367626
    Dewey Decimal Classification     مكتبة عدن للأطفال مكتبة عدن للأطفال الإعارة 17/02/2025 1793657   218,52/نحو 28/07/2025 17/02/2025 كتب PLD00515935
Implemented & Customized by: BBB with SCIT (Smart Chains for Information Technology)

Powered by Koha